<?xml version="1.0" encoding="UTF-8"?>
<record
    xmlns:xsi="http://www.w3.org/2001/XMLSchema-instance"
    xsi:schemaLocation="http://www.loc.gov/MARC21/slim http://www.loc.gov/standards/marcxml/schema/MARC21slim.xsd"
    xmlns="http://www.loc.gov/MARC21/slim">

  <leader>02093cam a22003254i 4500</leader>
  <controlfield tag="003">PE-LiUPU</controlfield>
  <controlfield tag="005">20250923155111.0</controlfield>
  <controlfield tag="008">2016xxxxes     pe a    rb    000 0 spa d</controlfield>
  <datafield tag="020" ind1=" " ind2=" ">
    <subfield code="a">9788494555831</subfield>
  </datafield>
  <datafield tag="035" ind1=" " ind2=" ">
    <subfield code="a">PE-LiUPU000016</subfield>
  </datafield>
  <datafield tag="040" ind1=" " ind2=" ">
    <subfield code="a">PE-LiUPU</subfield>
    <subfield code="b">spa</subfield>
    <subfield code="c">PE-LiUPU</subfield>
    <subfield code="e">rda</subfield>
  </datafield>
  <datafield tag="082" ind1="0" ind2="4">
    <subfield code="a">668.5</subfield>
    <subfield code="b">B352c</subfield>
    <subfield code="2">23</subfield>
  </datafield>
  <datafield tag="100" ind1=" " ind2=" ">
    <subfield code="a">Bautista D&#xED;az, V&#xED;ctor,</subfield>
    <subfield code="e">autor.</subfield>
    <subfield code="9">6906</subfield>
  </datafield>
  <datafield tag="245" ind1="1" ind2="0">
    <subfield code="a">Conversi&#xF3;n t&#xE9;cnica de prote&#xED;nas :</subfield>
    <subfield code="b">valorizaci&#xF3;n de desechos proteicos /</subfield>
    <subfield code="c">por V&#xED;ctor Bautista D&#xED;az.</subfield>
  </datafield>
  <datafield tag="264" ind1=" " ind2="1">
    <subfield code="a">Madrid :</subfield>
    <subfield code="b">AMV Ediciones,</subfield>
    <subfield code="c">2016.</subfield>
  </datafield>
  <datafield tag="300" ind1=" " ind2=" ">
    <subfield code="a">208 p&#xE1;ginas :</subfield>
    <subfield code="b">ilustraciones ;</subfield>
    <subfield code="c">24 cm</subfield>
  </datafield>
  <datafield tag="336" ind1=" " ind2=" ">
    <subfield code="a">text</subfield>
    <subfield code="2">rdacontent</subfield>
  </datafield>
  <datafield tag="337" ind1=" " ind2=" ">
    <subfield code="a">unmediated</subfield>
    <subfield code="2">rdamedia</subfield>
  </datafield>
  <datafield tag="338" ind1=" " ind2=" ">
    <subfield code="a">volumen</subfield>
    <subfield code="2">rdacarrier</subfield>
  </datafield>
  <datafield tag="504" ind1=" " ind2=" ">
    <subfield code="a">Incluye referencias bibliogr&#xE1;ficas al final de cada cap&#xED;tulo.</subfield>
  </datafield>
  <datafield tag="505" ind1="0" ind2=" ">
    <subfield code="a">Las prote&#xED;nas como materia prima qu&#xED;mica -- Decoloraci&#xF3;n de hidrolizados proteicos refractarios -- Sangre y masa visceral procedente de descarte de la industria c&#xE1;rnica -- Lana, materiales c&#xF3;rneos y plumas -- Conversi&#xF3;n t&#xE9;cnica de desechos de la industria pesquera -- Hidrolizados proteicos como materia prima base para fertilizantes org&#xE1;nicos -- Prote&#xED;nas industriales como materia prima de s&#xED;ntesis farmac&#xE9;utica -- Conversi&#xF3;n de prote&#xED;nas en productos t&#xE9;cnicos varios -- Ap&#xE9;ndice &#x2013; Ultrafiltraci&#xF3;n y nanofiltraci&#xF3;n.
</subfield>
  </datafield>
  <datafield tag="520" ind1=" " ind2=" ">
    <subfield code="a">Manual t&#xE9;cnico sobre el aprovechamiento y valorizaci&#xF3;n de residuos proteicos de origen animal e industrial. Incluye m&#xE9;todos de conversi&#xF3;n, recuperaci&#xF3;n, aplicaciones agr&#xED;colas, farmac&#xE9;uticas y biotecnol&#xF3;gicas. Dirigido a profesionales de industrias alimentarias, qu&#xED;micas y medioambientales.</subfield>
  </datafield>
  <datafield tag="650" ind1="1" ind2="4">
    <subfield code="a">Prote&#xED;nas</subfield>
    <subfield code="x">Aplicaciones industriales.</subfield>
    <subfield code="9">6907</subfield>
  </datafield>
  <datafield tag="650" ind1="2" ind2="4">
    <subfield code="a">Desechos industriales</subfield>
    <subfield code="x">Aprovechamiento.</subfield>
    <subfield code="9">6908</subfield>
  </datafield>
  <datafield tag="650" ind1=" " ind2="0">
    <subfield code="a">Tecnolog&#xED;a qu&#xED;mica</subfield>
    <subfield code="x">Procesos bioqu&#xED;micos.</subfield>
    <subfield code="9">6909</subfield>
  </datafield>
  <datafield tag="650" ind1=" " ind2="0">
    <subfield code="a">Biotecnolog&#xED;a industrial.</subfield>
    <subfield code="9">6910</subfield>
  </datafield>
  <datafield tag="856" ind1="4" ind2="0">
    <subfield code="u">https://www.amvediciones.com/producto/conversion-tecnica-proteinas</subfield>
    <subfield code="z">Ficha editorial en l&#xED;nea.</subfield>
  </datafield>
  <datafield tag="942" ind1=" " ind2=" ">
    <subfield code="2">ddc</subfield>
    <subfield code="c">BK</subfield>
  </datafield>
  <datafield tag="980" ind1=" " ind2=" ">
    <subfield code="6">21515</subfield>
    <subfield code="a">ROMINA COBOS Adquisiciones</subfield>
    <subfield code="8">18226</subfield>
    <subfield code="g">Jaime Vilcaz&#xE1;n Jefe de An&#xE1;lisis Documental</subfield>
  </datafield>
  <datafield tag="999" ind1=" " ind2=" ">
    <subfield code="c">63059</subfield>
    <subfield code="d">63058</subfield>
  </datafield>
  <datafield tag="952" ind1=" " ind2=" ">
    <subfield code="r">2025-12-03 00:00:00</subfield>
    <subfield code="l">0</subfield>
    <subfield code="o">668.5 B352c</subfield>
    <subfield code="p">82747</subfield>
    <subfield code="t">e1</subfield>
    <subfield code="v">45.00</subfield>
    <subfield code="w">2025-09-23</subfield>
    <subfield code="x">FIA</subfield>
    <subfield code="y">BK</subfield>
    <subfield code="1">0</subfield>
    <subfield code="2">ddc</subfield>
    <subfield code="5">0</subfield>
    <subfield code="7">0</subfield>
    <subfield code="8">GEN</subfield>
    <subfield code="f">P26</subfield>
    <subfield code="a">BUL</subfield>
    <subfield code="b">BUL</subfield>
    <subfield code="c">GEN</subfield>
    <subfield code="d">2025-09-19</subfield>
    <subfield code="e">COMPRA</subfield>
    <subfield code="g">40.00</subfield>
  </datafield>
</record>
